[Event "Autunno Scacchistico Magistrale"]
[Site "Venezia ITA"]
[Date "2002.10.??"]
[Round "1"]
[White "Redo, Giorgio"]
[Black "Pastres, Roberto"]
[Result "0-1"]
[WhiteElo "1957"]
[BlackElo "2195"]
[PlyCount "82"]
[EventDate "2002.10.31"]

1. e4 c5 2. Nf3 e6 3. d4 cxd4 4. Nxd4 a6 5. c4 Qc7 6. Nc3 Nf6 7. Be3 Bb4 8. Bd3
Bxc3+ 9. bxc3 d6 10. O-O Nbd7 11. Qa4 O-O 12. Nb5 Qb8 13. Na3 b6 14. Rab1 Qc7
15. Qb4 Rb8 16. Rfd1 Nc5 17. e5 Nxd3 18. exd6 Qc6 19. Rxd3 Bb7 20. f3 Nd7 21.
Bxb6 e5 22. Re3 f5 23. Bc7 f4 24. Re2 Ba8 25. Bxb8 Rxb8 26. Qxb8+ Nxb8 27.
Rxb8+ Kf7 28. Rxa8 Qxa8 29. Rxe5 Qc6 30. Rd5 Ke8 31. d7+ Kd8 32. Rd2 Qc5+ 33.
Kf1 Qxa3 34. Ke2 Qxc3 35. h3 Qxc4+ 36. Ke1 a5 37. Kd1 a4 38. Ke1 Qc3 39. Kd1
Qa1+ 40. Ke2 Qc1 41. Rd3 Qg1 0-1

[Event "Autunno Scacchistico Magistrale"]
[Site "Venezia ITA"]
[Date "2002.10.??"]
[Round "1"]
[White "Rigo, Gianfrancesco"]
[Black "Rossato, Armando"]
[Result "1-0"]
[WhiteElo "2003"]
[BlackElo "2206"]
[PlyCount "101"]
[EventDate "2002.10.31"]

1. e4 e6 2. d3 b6 3. Nf3 Bb7 4. g3 Be7 5. Bg2 d6 6. O-O Nd7 7. Nd4 c5 8. Ne2 h5
9. Nf4 g6 10. c3 Qc7 11. Na3 a6 12. d4 O-O-O 13. Qe2 Kb8 14. b4 h4 15. bxc5
dxc5 16. Nc4 Ngf6 17. Nd5 Nxd5 18. exd5 g5 19. d6 Bxd6 20. Bxb7 Kxb7 21. Qf3+
Ka7 22. Nxd6 Qxd6 23. Bxg5 f6 24. Bf4 e5 25. dxc5 Qxc5 26. Be3 Qc7 27. a4 a5
28. Rab1 hxg3 29. hxg3 Qb7 30. Qxb7+ Kxb7 31. Rfd1 Kc6 32. Rb5 Rdg8 33. Rbd5
Rh7 34. c4 Rg4 35. Rc1 Rxc4 36. Rxc4+ Kxd5 37. Rc7 Kd6 38. Bxb6 Nxb6 39. Rxh7
Nxa4 40. Ra7 Nc5 41. Rxa5 f5 42. Kg2 Kd5 43. Kf3 Kd4 44. Ke2 Nb3 45. Ra8 Ke4
46. f3+ Kd5 47. Rd8+ Ke6 48. Ke3 Nc5 49. Rc8 Nd7 50. Rc6+ Kd5 51. Rh6 1-0

[Event "Autunno Scacchistico Magistrale"]
[Site "Venezia ITA"]
[Date "2002.10.??"]
[Round "1"]
[White "Roberti, Ignazio"]
[Black "Pietrobon, Fabio"]
[Result "1-0"]
[WhiteElo "2032"]
[BlackElo "2222"]
[PlyCount "43"]
[EventDate "2002.10.31"]

1. e4 c5 2. Nf3 d6 3. d4 cxd4 4. Nxd4 Nf6 5. Nc3 e6 6. g4 Nc6 7. g5 Nd7 8. h4
Be7 9. Rg1 a6 10. Be3 Qc7 11. h5 Nb6 12. Nxc6 Qxc6 13. Qd4 Nd7 14. Qxg7 Rf8 15.
O-O-O b5 16. Bg2 b4 17. e5 Qc7 18. Bxa8 bxc3 19. exd6 cxb2+ 20. Qxb2 Bxd6 21.
Be4 Ne5 22. Bb6 1-0

[Event "Autunno Scacchistico Magistrale"]
[Site "Venezia ITA"]
[Date "2002.10.??"]
[Round "1"]
[White "Rombaldoni, Denis"]
[Black "Doric, Darko"]
[Result "0-1"]
[WhiteElo "2061"]
[BlackElo "2226"]
[PlyCount "110"]
[EventDate "2002.10.31"]

1. d4 Nf6 2. c4 c5 3. d5 e6 4. Nc3 exd5 5. cxd5 Bd6 6. Nf3 Bc7 7. Bg5 d6 8. e3
a6 9. a4 Nbd7 10. Be2 O-O 11. O-O h6 12. Bh4 Re8 13. Qc2 Nf8 14. Nd2 Ng6 15.
Bg3 Qd7 16. Nc4 b6 17. Bd3 Nf8 18. Bh4 Ng4 19. Bg3 Nf6 20. Bh4 N8h7 21. h3 Rb8
22. Rfb1 b5 23. axb5 axb5 24. Na5 b4 25. Nc6 Rb6 26. Na4 Rxc6 27. dxc6 Qxc6 28.
Qe2 Bd7 29. b3 Ng5 30. Bxg5 hxg5 31. Rc1 Qd5 32. Rd1 Qe5 33. Bb5 d5 34. g3 Bxb5
35. Qxb5 Ne4 36. f4 Qe7 37. Rxd5 gxf4 38. gxf4 Nc3 39. Nxc3 Qxe3+ 40. Kg2 bxc3
41. Re5 Rxe5 42. fxe5 Bxe5 43. Qc6 Qg3+ 44. Kf1 Qxh3+ 45. Qg2 Qxg2+ 46. Kxg2
Bf4 47. Kf3 g5 48. Ra2 f5 49. Ke2 g4 50. Kd3 Bd2 51. Ke2 f4 52. Ra1 f3+ 53. Kd3
g3 54. Rg1 g2 55. Kc2 Be3 0-1

[Event "Autunno Scacchistico Magistrale"]
[Site "Venezia ITA"]
[Date "2002.10.??"]
[Round "1"]
[White "Ronchetti, Niccolo'"]
[Black "Dallaglio, Giovanni"]
[Result "1/2-1/2"]
[WhiteElo "2233"]
[BlackElo "2050"]
[PlyCount "93"]
[EventDate "2002.10.31"]

1. e4 c6 2. d4 d5 3. Nc3 dxe4 4. Nxe4 Nd7 5. Ng5 Ngf6 6. Bd3 e6 7. N1f3 Bd6 8.
Qe2 h6 9. Ne4 Nxe4 10. Qxe4 Nf6 11. Qe2 b6 12. Ne5 Bb7 13. Bd2 Qc7 14. O-O-O
O-O-O 15. Bf4 Nd7 16. Bg3 Nxe5 17. dxe5 Be7 18. Qg4 c5 19. Rhg1 g6 20. c3 Rd7
21. h4 Rhd8 22. Bc2 Rxd1+ 23. Bxd1 h5 24. Qf4 Bf8 25. f3 Ba6 26. Re1 Bd3 27.
Bf2 f5 28. Qg5 Qd7 29. Be3 Be7 30. Qg3 Qd5 31. Bb3 c4 32. Bc2 Bxc2 33. Kxc2
Qd3+ 34. Kc1 Bc5 35. Qf2 Bxe3+ 36. Qxe3 Qxe3+ 37. Rxe3 Kc7 38. Re1 Kc6 39. Kc2
Rd3 40. Re2 b5 41. Re1 a5 42. b3 a4 43. bxc4 bxc4 44. Rb1 Re3 45. Kd2 Rd3+ 46.
Kc2 Re3 47. Kd2 1/2-1/2

[Event "Autunno Scacchistico Magistrale"]
[Site "Venezia ITA"]
[Date "2002.10.??"]
[Round "1"]
[White "Skembris, Spyridon"]
[Black "Bianchi, Andrea"]
[Result "1-0"]
[WhiteElo "2426"]
[BlackElo "2131"]
[PlyCount "67"]
[EventDate "2002.10.31"]

1. d4 d5 2. c4 e6 3. Nf3 Nf6 4. g3 Be7 5. Bg2 O-O 6. O-O dxc4 7. Ne5 Nc6 8.
Bxc6 bxc6 9. Nxc6 Qd7 10. Nxe7+ Qxe7 11. Qa4 Qd6 12. Rd1 Qa6 13. Qxa6 Bxa6 14.
Nc3 Nd5 15. Bf4 Rab8 16. Rd2 Nxc3 17. bxc3 Rb7 18. d5 f6 19. dxe6 Re8 20. f3 g5
21. Be3 Rxe6 22. Kf2 Rd6 23. Rad1 Rxd2 24. Rxd2 Bb5 25. Rd8+ Kf7 26. Ra8 a6 27.
Bc5 c6 28. Rd8 a5 29. h4 gxh4 30. gxh4 Kg6 31. Rd6 Rf7 32. Bd4 h6 33. e4 Kg7
34. Kg3 1-0

[Event "Autunno Scacchistico Magistrale"]
[Site "Venezia ITA"]
[Date "2002.10.??"]
[Round "2"]
[White "Bianchi, Andrea"]
[Black "Rombaldoni, Denis"]
[Result "1/2-1/2"]
[WhiteElo "2131"]
[BlackElo "2061"]
[PlyCount "133"]
[EventDate "2002.10.31"]

1. e4 c6 2. d4 d5 3. Nd2 dxe4 4. Nxe4 Nf6 5. Nxf6+ gxf6 6. Bc4 Bf5 7. c3 Qc7 8.
Qf3 Bg6 9. Ne2 Nd7 10. Nf4 e6 11. h4 c5 12. h5 Bf5 13. g4 Bc2 14. Qe2 cxd4 15.
Bb5 d3 16. Nxd3 Bxd3 17. Qxd3 O-O-O 18. Be3 Ne5 19. Qe4 a6 20. Be2 Qc6 21.
Qxc6+ Nxc6 22. Bb6 Rd7 23. Rd1 Bd6 24. f3 Bc7 25. Rxd7 Kxd7 26. Be3 Ke7 27. Kf2
Ne5 28. Rd1 Nd7 29. Bd3 Bb6 30. Bxb6 Nxb6 31. Be4 Nc4 32. b3 Nd6 33. Ke3 h6 34.
c4 b6 35. Bd3 a5 36. Rd2 Rc8 37. Rc2 Rc5 38. a3 f5 39. b4 Re5+ 40. Kf4 f6 41.
c5 bxc5 42. bxc5 Nb7 43. c6 Nc5 44. Bb5 Kd8 45. a4 fxg4 46. Kxg4 Rg5+ 47. Kh4
Kc7 48. f4 Rd5 49. Rg2 Rd4 50. Rg7+ Kc8 51. Kg3 Rd5 52. Kg4 e5 53. Rg6 f5+ 54.
Kxf5 exf4+ 55. Kg4 f3 56. Rf6 Rg5+ 57. Kh4 Nb3 58. Rf8+ Kc7 59. Rf7+ Kd6 60.
Rxf3 Nd4 61. Rf6+ Kc7 62. Rf7+ Kb6 63. Rb7+ Kc5 64. c7 Nf3+ 65. Kh3 Ng1+ 66.
Kh2 Nf3+ 67. Kh3 1/2-1/2

[Event "Autunno Scacchistico Magistrale"]
[Site "Venezia ITA"]
[Date "2002.10.??"]
[Round "2"]
[White "Dallaglio, Giovanni"]
[Black "Drazic, Sinisa"]
[Result "0-1"]
[WhiteElo "2050"]
[BlackElo "2465"]
[PlyCount "58"]
[EventDate "2002.10.31"]

1. d4 d6 2. Nf3 Bg4 3. c4 c6 4. Nc3 Bxf3 5. exf3 Nd7 6. Be2 g6 7. Be3 Bg7 8.
Qd2 a6 9. g4 h5 10. g5 e6 11. Ne4 Qc7 12. c5 dxc5 13. dxc5 Ne7 14. Nd6+ Kf8 15.
Bd4 Bxd4 16. Qxd4 e5 17. Qc3 Nd5 18. Qa3 Kg7 19. Rd1 b5 20. Ne4 Rhe8 21. Nd6
Red8 22. b4 Nf8 23. Bd3 Rxd6 24. cxd6 Qxd6 25. Be4 Ne6 26. Bxd5 cxd5 27. Qb3 d4
28. h4 Nf4 29. O-O Qd7 0-1

[Event "Autunno Scacchistico Magistrale"]
[Site "Venezia ITA"]
[Date "2002.10.??"]
[Round "2"]
[White "Doric, Darko"]
[Black "Rigo, Gianfrancesco"]
[Result "1-0"]
[WhiteElo "2226"]
[BlackElo "2003"]
[PlyCount "107"]
[EventDate "2002.10.31"]

1. d4 Nf6 2. Bg5 Ne4 3. Bf4 c5 4. f3 Qa5+ 5. c3 Nf6 6. Nd2 cxd4 7. Nb3 Qb6 8.
Qxd4 Qxd4 9. Nxd4 Nd5 10. Bd2 e5 11. Nb5 Na6 12. e4 Ndc7 13. O-O-O Bc5 14. b4
Nxb5 15. Bxb5 Nc7 16. Bc4 Be7 17. Ne2 d6 18. Bb3 Be6 19. Be3 Bxb3 20. axb3 O-O
21. Kb2 Rfd8 22. c4 b5 23. Nc3 bxc4 24. bxc4 Rab8 25. b5 Rb7 26. Ra1 Ra8 27.
Ra4 Ne6 28. Rha1 Nc5 29. Bxc5 dxc5 30. Nd5 Kf8 31. Kc3 Bd8 32. Ra6 Bh4 33. g3
Be7 34. Rc6 Rd7 35. Nb6 axb6 36. Rxa8+ Rd8 37. Rxd8+ Bxd8 38. Rc8 Ke7 39. Kd3
Kd7 40. Rc6 Bc7 41. h4 Bd8 42. h5 h6 43. Ke2 Bc7 44. Kf1 Kc8 45. Kg2 Kb7 46.
Kh3 Bd8 47. Kg4 Be7 48. Kf5 Bg5 49. Kxe5 Be3 50. Kd6 Bf2 51. Ke7 Bxg3 52. Kxf7
Be5 53. f4 Bxf4 54. Kxg7 1-0

[Event "Autunno Scacchistico Magistrale"]
[Site "Venezia ITA"]
[Date "2002.10.??"]
[Round "2"]
[White "Faccia, Sergio"]
[Black "Navarro, Emanuele"]
[Result "0-1"]
[WhiteElo "2017"]
[BlackElo "2126"]
[PlyCount "62"]
[EventDate "2002.10.31"]

1. e4 e5 2. d4 exd4 3. Bc4 Nf6 4. Nf3 Nxe4 5. Qxd4 Nf6 6. Bg5 Be7 7. O-O O-O 8.
Nc3 c6 9. Rfe1 d5 10. Rad1 Be6 11. Qh4 Nbd7 12. Bd3 Re8 13. Nd4 Nf8 14. Nxe6
fxe6 15. Qh3 N6d7 16. Bc1 e5 17. Bf5 Bb4 18. Re3 Re7 19. Rg3 Rf7 20. Rf3 Qe8
21. Ne2 Bc5 22. Re1 g6 23. Bg4 Rxf3 24. Bxf3 Qf7 25. Be3 Bxe3 26. fxe3 Ne6 27.
Qg3 Rf8 28. Nc3 Ng7 29. Bg4 Nc5 30. Be2 Nf5 31. Qh3 Nd4 0-1

[Event "Autunno Scacchistico Magistrale"]
[Site "Venezia ITA"]
[Date "2002.10.??"]
[Round "2"]
[White "Maksimenko, Andrei"]
[Black "Bosiocic, Marin"]
[Result "1-0"]
[WhiteElo "2507"]
[BlackElo "2135"]
[PlyCount "85"]
[EventDate "2002.10.31"]

1. Nf3 Nf6 2. c4 g6 3. Nc3 Bg7 4. e4 O-O 5. d4 d6 6. Be2 c5 7. O-O Nc6 8. d5
Na5 9. h3 e5 10. Bg5 h6 11. Bh4 g5 12. Bg3 Nh5 13. Nd2 Nf4 14. Bg4 Rb8 15. a3
b6 16. Rb1 a6 17. b4 Nb7 18. Re1 Qc7 19. Bxc8 Rbxc8 20. b5 a5 21. Qg4 Qd8 22.
h4 Rb8 23. Na4 Bf6 24. h5 Qe8 25. Nxb6 Bd8 26. Bxf4 exf4 27. Na4 Bf6 28. Nf3
Nd8 29. Qf5 Bg7 30. e5 Nb7 31. e6 f6 32. Nb6 Qxh5 33. Nd7 Kh8 34. e7 Rfe8 35.
Nxf6 Bxf6 36. Qxf6+ Kh7 37. Re6 Rg8 38. Qf5+ Kh8 39. Qf6+ Kh7 40. Qf5+ Kh8 41.
a4 Rbe8 42. Rbe1 Rg7 43. Rf6 1-0

[Event "Autunno Scacchistico Magistrale"]
[Site "Venezia ITA"]
[Date "2002.10.??"]
[Round "2"]
[White "Mileto, Gabriele"]
[Black "Skembris, Spyridon"]
[Result "0-1"]
[WhiteElo "2210"]
[BlackElo "2426"]
[PlyCount "100"]
[EventDate "2002.10.31"]

1. e4 e5 2. Nf3 Nc6 3. d4 exd4 4. Nxd4 Bc5 5. Nxc6 Qf6 6. Qd2 dxc6 7. Bc4 Qg6
8. O-O Ne7 9. Qg5 Qxg5 10. Bxg5 Ng6 11. Re1 a5 12. a4 Be6 13. Bxe6 fxe6 14. Nd2
Rf8 15. Be3 Bxe3 16. Rxe3 Ne5 17. Nf3 Nxf3+ 18. Rxf3 Rxf3 19. gxf3 Rd8 20. Kf1
Rd2 21. Rc1 b5 22. axb5 cxb5 23. Ke1 Rd4 24. c3 Rd6 25. Ke2 a4 26. Rg1 g6 27.
Rg5 Rb6 28. Kd3 Ke7 29. Kc2 Rb8 30. Kd3 Kd6 31. Kd4 Rf8 32. h4 Rxf3 33. h5 gxh5
34. Rxb5 Rxf2 35. Rxh5 Rd2+ 36. Kc4 Rxb2 37. Rxh7 a3 38. Rh8 a2 39. Ra8 Ke5 40.
Kd3 Rh2 41. Ra5+ Kf4 42. Ra8 c5 43. Rf8+ Ke5 44. Ra8 Rb2 45. Ra6 Kf4 46. Ra8
c4+ 47. Kxc4 Kxe4 48. Ra3 e5 49. Kc5 Kf4 50. c4 e4 0-1

[Event "Autunno Scacchistico Magistrale"]
[Site "Venezia ITA"]
[Date "2002.10.??"]
[Round "2"]
[White "Mufic, Goran"]
[Black "Lain, Luigi"]
[Result "1-0"]
[WhiteElo "2354"]
[BlackElo "2199"]
[PlyCount "85"]
[EventDate "2002.10.31"]

1. d4 d5 2. Nf3 Nf6 3. Bf4 e6 4. e3 Nbd7 5. Bd3 c5 6. c3 Be7 7. h3 c4 8. Bc2 b5
9. Nbd2 Qb6 10. O-O Bb7 11. Ne5 Nxe5 12. dxe5 Nd7 13. Nf3 a5 14. Nd4 g5 15. Bg3
h5 16. f4 gxf4 17. exf4 O-O-O 18. f5 Rdg8 19. Qf3 Nxe5 20. Bxe5 f6 21. Qe3 fxe5
22. Qxe5 Bd6 23. Qxe6+ Kb8 24. Rf2 Re8 25. Qd7 Bc5 26. f6 Bc8 27. Qxd5 Bb7 28.
Qf5 Bxd4 29. cxd4 Qxd4 30. Rd1 Qxb2 31. Rb1 Qc3 32. f7 Re1+ 33. Kh2 Rf8 34.
Rxb5 Re7 35. Qf4+ Ka7 36. Qd6 Rfxf7 37. Rxf7 Rxf7 38. Be4 Rg7 39. Qb6+ Kb8 40.
Qd8+ Ka7 41. Rxa5+ Ba6 42. Qa8+ Kb6 43. Rxa6+ 1-0

[Event "Autunno Scacchistico Magistrale"]
[Site "Venezia ITA"]
[Date "2002.10.??"]
[Round "2"]
[White "Navarro, Stefano"]
[Black "Di Lazzaro, Gabriele"]
[Result "1-0"]
[WhiteElo "2126"]
[BlackElo "1985"]
[PlyCount "69"]
[EventDate "2002.10.31"]

1. e4 d5 2. exd5 Nf6 3. c4 c6 4. d4 cxd5 5. c5 g6 6. Nf3 Bg4 7. Bb5+ Nbd7 8.
O-O Bg7 9. Nc3 O-O 10. h3 Bxf3 11. Qxf3 e6 12. Bf4 a6 13. Ba4 Ne8 14. Rad1 Nb8
15. Qe3 Nc6 16. Bxc6 bxc6 17. Na4 Qa5 18. Nb6 Ra7 19. a3 Nf6 20. Rb1 Qb5 21. b4
a5 22. a4 Qa6 23. b5 Qb7 24. Rfd1 Ne4 25. f3 Nf6 26. Qc3 Nh5 27. Bh2 Re8 28.
bxc6 Qxc6 29. Rb5 Ra6 30. Qe1 h6 31. Rxa5 Rxa5 32. Qxa5 Qb7 33. Qb5 Rd8 34. c6
Qa7 35. c7 1-0

[Event "Autunno Scacchistico Magistrale"]
[Site "Venezia ITA"]
[Date "2002.10.??"]
[Round "2"]
[White "Pastres, Roberto"]
[Black "Genocchio, Daniele"]
[Result "0-1"]
[WhiteElo "2195"]
[BlackElo "2345"]
[PlyCount "72"]
[EventDate "2002.10.31"]

1. Nf3 g6 2. c4 Bg7 3. Nc3 d6 4. g3 e5 5. d3 f5 6. Bg2 Nf6 7. O-O O-O 8. Rb1 a5
9. b3 h6 10. e3 Nc6 11. Ne1 g5 12. Nd5 Nxd5 13. cxd5 Ne7 14. f4 c6 15. dxc6
bxc6 16. Nf3 Nd5 17. Qc2 Nb4 18. Qd2 Ba6 19. Ne1 e4 20. dxe4 Bxf1 21. Kxf1 fxe4
22. Bxe4 d5 23. Bg2 d4 24. e4 gxf4 25. gxf4 Qd6 26. a3 Na6 27. Qxa5 Nc5 28. Qb4
Rxf4+ 29. Bxf4 Qxf4+ 30. Kg1 Qe3+ 31. Kh1 Nxe4 32. Qc4+ Kh8 33. Bf3 Nd2 34.
Qxc6 Rf8 35. Nc2 Qxf3+ 36. Qxf3 Rxf3 0-1

[Event "Autunno Scacchistico Magistrale"]
[Site "Venezia ITA"]
[Date "2002.10.??"]
[Round "2"]
[White "Pechy, Alaster"]
[Black "Molina, Fabrizio"]
[Result "1/2-1/2"]
[WhiteElo "1900"]
[BlackElo "2253"]
[PlyCount "34"]
[EventDate "2002.10.31"]

1. d4 e6 2. c4 d5 3. Nc3 c5 4. cxd5 exd5 5. Nf3 Nc6 6. g3 Nf6 7. Bg2 Be7 8. O-O
O-O 9. Bf4 Be6 10. dxc5 Bxc5 11. Rc1 Be7 12. Nd4 Qd7 13. e4 Bg4 14. Qa4 Nxd4
15. Qxd4 dxe4 16. Qxd7 Bxd7 17. Nxe4 Nd5 1/2-1/2

[Event "Autunno Scacchistico Magistrale"]
[Site "Venezia ITA"]
[Date "2002.10.??"]
[Round "2"]
[White "Pietrobon, Fabio"]
[Black "Solinas, Carlo"]
[Result "0-1"]
[WhiteElo "2222"]
[BlackElo "2083"]
[PlyCount "66"]
[EventDate "2002.10.31"]

1. d4 f5 2. Nf3 Nf6 3. Bf4 e6 4. e3 Be7 5. h3 O-O 6. Nbd2 d6 7. Bc4 Qe8 8. Qe2
Kh8 9. O-O-O a5 10. g4 d5 11. Bd3 Na6 12. g5 Ne4 13. Bxe4 fxe4 14. Ne5 Nb4 15.
Nb1 Nxa2+ 16. Kd2 Bd6 17. Rdg1 Bxe5 18. Bxe5 Rf3 19. Bf4 b6 20. Ke1 Ba6 21. Qd1
Qb5 22. Nc3 Nxc3 23. bxc3 Qc4 24. Qd2 a4 25. Kd1 a3 26. Kc1 a2 27. Kb2 Qa4 28.
Ka1 Qc4 29. g6 Rxf2 30. Qc1 h6 31. Qb2 Bb5 32. Be5 Be8 33. Rg3 Rf1+ 0-1

[Event "Autunno Scacchistico Magistrale"]
[Site "Venezia ITA"]
[Date "2002.10.??"]
[Round "2"]
[White "Ramesa, Davor"]
[Black "Cacco, Christian"]
[Result "1/2-1/2"]
[WhiteElo "2118"]
[BlackElo "2298"]
[PlyCount "82"]
[EventDate "2002.10.31"]

1. c4 g6 2. Nc3 Bg7 3. g3 f5 4. Bg2 Nf6 5. Nf3 d6 6. O-O e5 7. d3 O-O 8. Rb1
Nc6 9. b4 Ne7 10. c5 h6 11. Qb3+ Kh7 12. Ba3 e4 13. cxd6 cxd6 14. Nd4 Ng4 15.
e3 exd3 16. Nd5 Nxd5 17. Qxd5 Qe7 18. Nb5 Be6 19. Qxd3 Rfd8 20. Qe2 a6 21. Nd4
Bf7 22. Rfd1 Ne5 23. Rbc1 Rac8 24. b5 Bc4 25. Qd2 axb5 26. Nb3 Nd3 27. Rc2 Qf7
28. Na5 d5 29. Bf1 Ne5 30. Bg2 Nc6 31. Nxc6 bxc6 32. Bc5 Ra8 33. Bf1 Ra4 34.
Bxc4 bxc4 35. Rb1 c3 36. Qd3 Rda8 37. Bd4 Rxa2 38. Rxc3 Rc8 39. Rbc1 Qd7 40.
Bxg7 Kxg7 41. Qd4+ Kf7 1/2-1/2

[Event "Autunno Scacchistico Magistrale"]
[Site "Venezia ITA"]
[Date "2002.10.??"]
[Round "2"]
[White "Ramesa, Marin"]
[Black "Halmeenmaki, Tuomo"]
[Result "1/2-1/2"]
[WhiteElo "2137"]
[BlackElo "2173"]
[PlyCount "96"]
[EventDate "2002.10.31"]

1. d4 Nc6 2. Nf3 d5 3. Bf4 Bg4 4. e3 e6 5. c4 Bb4+ 6. Nc3 Nge7 7. Rc1 Ng6 8.
Bg3 e5 9. dxe5 d4 10. exd4 Bxf3 11. gxf3 Qxd4 12. Qxd4 Nxd4 13. f4 O-O-O 14.
Be2 h5 15. h3 Nf5 16. a3 Bxc3+ 17. Rxc3 Rd4 18. Bd3 Nge7 19. Ke2 Rhd8 20. Rd1
g6 21. b3 R4d7 22. b4 Nd4+ 23. Kf1 Nef5 24. Be4 c6 25. Rcd3 Kc7 26. Bh2 Kc8 27.
f3 a6 28. Kg2 Nh4+ 29. Kf2 Nhf5 30. Bg1 h4 31. Kg2 Ne2 32. Rxd7 Rxd7 33. Rxd7
Nxf4+ 34. Kh2 Kxd7 35. Bf2 Ke6 36. b5 Ne7 37. Bxh4 axb5 38. cxb5 cxb5 39. Bxe7
Kxe7 40. Bxb7 Nd3 41. Bc6 b4 42. axb4 Nxb4 43. Be4 Ke6 44. f4 f6 45. Bxg6 fxe5
46. f5+ Kf6 47. h4 Nd5 48. Kg3 Ne7 1/2-1/2

[Event "Autunno Scacchistico Magistrale"]
[Site "Venezia ITA"]
[Date "2002.10.??"]
[Round "2"]
[White "Rossato, Armando"]
[Black "Pegoraro, Nicola"]
[Result "1-0"]
[WhiteElo "2206"]
[BlackElo "2077"]
[PlyCount "57"]
[EventDate "2002.10.31"]

1. d4 Nf6 2. Nf3 c5 3. e3 e6 4. Bd3 Be7 5. b3 b6 6. Bb2 Bb7 7. Nbd2 cxd4 8.
exd4 O-O 9. O-O h6 10. Re1 Nc6 11. a3 d6 12. Qe2 Qc7 13. c4 Rfe8 14. Rac1 Nb8
15. b4 Nbd7 16. Qe3 Rad8 17. h3 Bf8 18. Bb1 Ba8 19. Nb3 Rc8 20. c5 bxc5 21.
dxc5 dxc5 22. bxc5 Bc6 23. Ne5 Bd5 24. c6 Nxe5 25. Bxe5 Qb6 26. Nd4 Bxc6 27.
Bxf6 gxf6 28. Nxc6 Qxe3 29. Rxe3 1-0

[Event "Autunno Scacchistico Magistrale"]
[Site "Venezia ITA"]
[Date "2002.10.??"]
[Round "2"]
[White "Tomescu, Vlad"]
[Black "Cristiani, Cesare"]
[Result "1-0"]
[WhiteElo "2432"]
[BlackElo "2141"]
[PlyCount "125"]
[EventDate "2002.10.31"]

1. e4 e6 2. d4 d5 3. Nd2 Nc6 4. Ngf3 Nf6 5. e5 Nd7 6. c3 a6 7. Be2 Be7 8. O-O
f6 9. exf6 Nxf6 10. Re1 O-O 11. Nf1 Bd6 12. Bd3 Qe8 13. Ng3 Bxg3 14. hxg3 Qh5
15. Nh2 Qxd1 16. Rxd1 e5 17. dxe5 Nxe5 18. Bc2 c6 19. Re1 Nf7 20. Nf3 Bd7 21.
Bf4 Rfe8 22. Ne5 Be6 23. f3 Rad8 24. Nxf7 Bxf7 25. Rxe8+ Rxe8 26. Kf2 Nd7 27.
g4 Bg6 28. Bxg6 hxg6 29. Rd1 Kf7 30. b3 Nf8 31. Bd6 Ne6 32. g3 Rd8 33. Be5 c5
34. f4 Rd7 35. Bb8 b5 36. a4 Nd8 37. axb5 axb5 38. f5 g5 39. Be5 Nc6 40. Re1
Re7 41. Bd6 Rxe1 42. Kxe1 b4 43. Kd2 d4 44. cxb4 cxb4 45. Kd3 g6 46. Kc4 gxf5
47. gxf5 g4 48. Bxb4 Kf6 49. Bd2 Kxf5 50. Kd5 Ne7+ 51. Kxd4 Ke6 52. Ke4 Nf5 53.
Bf4 Ne7 54. Bd2 Nf5 55. Be1 Nh6 56. Kf4 Kd5 57. Kg5 Nf7+ 58. Kxg4 Ke4 59. Kh5
Kd3 60. b4 Kc4 61. g4 Ne5 62. g5 Nf3 63. g6 1-0

[Event "Autunno Scacchistico Magistrale"]
[Site "Venezia ITA"]
[Date "2002.10.??"]
[Round "2"]
[White "Trabert, Bettina"]
[Black "Opacic, Alexandar"]
[Result "1-0"]
[WhiteElo "2319"]
[BlackElo "2088"]
[PlyCount "83"]
[EventDate "2002.10.31"]

1. e4 d6 2. d4 Nf6 3. Nc3 g6 4. g3 Bg7 5. Bg2 O-O 6. Nge2 e5 7. h3 Nc6 8. Be3
Re8 9. O-O Bd7 10. a4 Nh5 11. d5 Ne7 12. g4 Nf6 13. Ng3 h6 14. f4 exf4 15. Bxf4
g5 16. Be3 Ng6 17. Nce2 Nh4 18. Bh1 c6 19. dxc6 Bxc6 20. Bd4 Qe7 21. Nc3 Nd7
22. Bxg7 Kxg7 23. Qd4+ Qe5 24. Rad1 Rad8 25. Nh5+ Kf8 26. Qxd6+ Qxd6 27. Rxd6
Nc5 28. Rxh6 Nxa4 29. Nxa4 Bxa4 30. Rh7 Rd7 31. Rh8+ Ke7 32. Rxe8+ Kxe8 33.
Nf6+ Ke7 34. Nxd7 Bxd7 35. Ra1 a6 36. e5 Bc8 37. Ra3 Ng6 38. Rc3 Kd8 39. Rc5
Nf4 40. Kh2 b6 41. Rc6 b5 42. Be4 1-0

[Event "Autunno Scacchistico Magistrale"]
[Site "Venezia ITA"]
[Date "2002.10.??"]
[Round "2"]
[White "Vancini, Edoardo"]
[Black "Roberti, Ignazio"]
[Result "1-0"]
[WhiteElo "2285"]
[BlackElo "2032"]
[PlyCount "115"]
[EventDate "2002.10.31"]

1. e4 c5 2. d3 Nc6 3. g3 g6 4. Bg2 Bg7 5. Nf3 e6 6. O-O Nf6 7. Nbd2 O-O 8. c3
d5 9. Re1 dxe4 10. dxe4 Qc7 11. Nc4 Rd8 12. Qa4 Nd7 13. Bf4 e5 14. Bg5 f6 15.
Bd2 Nf8 16. Ne3 Be6 17. Nd5 Bxd5 18. exd5 Ne7 19. Qc4 Nc8 20. Be3 Nb6 21. Qxc5
Qxc5 22. Bxc5 Nxd5 23. Rad1 Ne6 24. Ba3 Ndc7 25. Be7 Rxd1 26. Rxd1 Kf7 27. Ba3
Rd8 28. Rxd8 Nxd8 29. Nd2 Bf8 30. Bxf8 Kxf8 31. Kf1 Ke7 32. Ke2 b6 33. Kd3 Nde6
34. b4 f5 35. a4 e4+ 36. Kc4 Kd6 37. Nb3 Nd5 38. Nd4 Nxd4 39. Kxd4 a5 40. bxa5
bxa5 41. Bf1 Nf6 42. h3 g5 43. Bb5 Nd5 44. c4 Nc7 45. c5+ Ke6 46. Bc4+ Kf6 47.
g4 h6 48. Bd5 Na6 49. gxf5 Kxf5 50. c6 h5 51. Bxe4+ Kf4 52. Bg2 Kf5 53. Kd5
Nc7+ 54. Kd6 Ne8+ 55. Ke7 Nc7 56. Kd7 Ne6 57. c7 Nxc7 58. Kxc7 1-0

[Event "Autunno Scacchistico Magistrale"]
[Site "Venezia ITA"]
[Date "2002.10.??"]
[Round "2"]
[White "Viola, Matteo"]
[Black "Ronchetti, Niccolo'"]
[Result "0-1"]
[WhiteElo "1913"]
[BlackElo "2233"]
[PlyCount "118"]
[EventDate "2002.10.31"]

1. e4 c5 2. f4 d5 3. e5 Bf5 4. d3 e6 5. Nf3 Nc6 6. g3 Be7 7. Bg2 Qb6 8. O-O h5
9. h3 O-O-O 10. c3 Nh6 11. d4 cxd4 12. cxd4 Bxb1 13. Rxb1 Nf5 14. Kh2 Ncxd4 15.
Nxd4 Qxd4 16. Qxd4 Nxd4 17. Be3 Nc6 18. Rfd1 Kd7 19. a3 a6 20. b4 Rb8 21. Bb6
Rhc8 22. Rbc1 g6 23. g4 hxg4 24. hxg4 Bd8 25. Bc5 b6 26. Be3 Rb7 27. Bf1 Nb8
28. a4 Be7 29. Rxc8 Kxc8 30. Rc1+ Kd7 31. Bd2 b5 32. axb5 axb5 33. Kg3 Nc6 34.
Be2 Kc7 35. Rh1 Kb6 36. Rh7 Bxb4 37. Bxb4 Nxb4 38. f5 gxf5 39. gxf5 exf5 40.
Bxb5 Kxb5 41. e6 d4 42. Rxf7 Rb8 43. Rxf5+ Kc6 44. Re5 Re8 45. Kf4 Kd6 46. Kf5
Rf8+ 47. Ke4 Nc6 48. Rh5 Kxe6 49. Rh6+ Rf6 50. Rh5 Rg6 51. Rc5 Rg4+ 52. Kf3
Ne5+ 53. Ke2 Kf5 54. Rc1 Ke4 55. Re1 d3+ 56. Kd1+ Kd4 57. Kc1 Nc4 58. Rh1 Kc3
59. Kd1 Nb2+ 0-1

[Event "Autunno Scacchistico Magistrale"]
[Site "Venezia ITA"]
[Date "2002.10.??"]
[Round "3"]
[White "Bosiocic, Marin"]
[Black "Dallaglio, Giovanni"]
[Result "1-0"]
[WhiteElo "2135"]
[BlackElo "2050"]
[PlyCount "59"]
[EventDate "2002.10.31"]

1. e4 c6 2. d4 d5 3. Nd2 dxe4 4. Nxe4 Nd7 5. Bc4 Ngf6 6. Ng5 e6 7. Qe2 Nb6 8.
Bb3 h6 9. N5f3 c5 10. Be3 Qc7 11. Ne5 a6 12. Ngf3 cxd4 13. Bxd4 Bc5 14. O-O
Bxd4 15. Nxd4 O-O 16. Rad1 Nbd5 17. c4 Nb4 18. Rd2 Nc6 19. Ndxc6 bxc6 20. Rfd1
c5 21. Bc2 Bb7 22. Qe3 Rad8 23. f4 Rxd2 24. Qxd2 h5 25. h3 g6 26. Qd6 Rc8 27.
Bxg6 fxg6 28. Qxe6+ Kg7 29. Rd7+ Nxd7 30. Qf7+ 1-0